000 00912nam a2200205Ia 4500
999 _c50991
_d50991
001 17948
003 GE_BSU
005 20200302112546.0
008 181216s1961 xx |||||||||||||| ||geo||
040 _cGE_BSU
041 _ageo
080 _a811.353(058) ს-32
245 _aსაქართველოს სსრ მეცნიერებათა აკადემია :
_bმოამბე III : ხელნაწერთა ინსტიტუტი /
_cრედ. ი.აბულაძე.
264 _aთბილისი :
_bსაქ. სსრ აკად.გამ-ბა,
_c1961.
300 _a276 გვ.:
_c26 სმ.
653 _aმოამბე III
653 _aსაქართველოს სსრ მეცნიერებათა აკადემია
700 _aაბულაძე, ი
_eრედაქტორი
_93805
942 _cBK
_2udc